[Event "IX Floripa Chess Open Fort Atacadista"]
[Site "Florianópolis - Santa Catari"]
[Date "2023.01.24"]
[Round "2.74"]
[White "Bezerra, Wiltemberg Barros"]
[Black "Heredia Serrano, Carla"]
[Result "0-1"]
[WhiteElo "1786"]
[BlackElo "2093"]
[PlyCount "120"]
[EventDate "2023.01.23"]
[EventRounds "10"]
[EventCountry "BRA"]

1. Nf3 d5 2. g3 Bg4 3. Bg2 c6 4. O-O Nd7 5. d3 e6 6. Nbd2 Bc5 7. e4 Ne7 8. Re1
Qc7 9. Nb3 dxe4 10. Rxe4 Bf5 11. Bf4 Bd6 12. Bxd6 Qxd6 13. Re1 O-O 14. Nh4 Nb6
15. Qf3 Rfd8 16. Na5 Qc7 17. b3 Rd5 18. b4 Rad8 19. Qe2 Rd4 20. a3 Bg4 21. f3
Bf5 22. f4 R4d7 23. g4 Qxf4 24. gxf5 Qxh4 25. fxe6 fxe6 26. Qxe6+ Kh8 27. Rf1
Nbd5 28. Nc4 Nf4 29. Rxf4 Qxf4 30. Rf1 Qd4+ 31. Kh1 Ng6 32. Be4 Re7 33. Qf5 Qd7
34. Qh5 Rxe4 35. dxe4 Qe6 36. Ne3 Qxe4+ 37. Qf3 Qxf3+ 38. Rxf3 Ne5 39. Rf5 Re8
40. Kg2 g6 41. Rf2 Kg7 42. Kg3 h5 43. h4 Re7 44. Re2 Rf7 45. Rf2 Rxf2 46. Kxf2
Kf6 47. Kg3 g5 48. Ng2 Nc4 49. a4 Nb6 50. hxg5+ Kxg5 51. Nf4 h4+ 52. Kf3 Nd5
53. Ne6+ Kf5 54. Nd8 Nxb4 55. Nxb7 Nxc2 56. Nd6+ Ke5 57. Nc8 a6 58. Nb6 c5 59.
Kg4 Kd4 60. Kxh4 Ne3 0-1

[Event "IX Floripa Chess Open Fort Atacadista"]
[Site "Florianópolis - Santa Catari"]
[Date "2023.01.24"]
[Round "2.75"]
[White "Mariano, Marceley Martins"]
[Black "Moro, Antonio Renato Pere"]
[Result "1/2-1/2"]
[WhiteElo "2089"]
[BlackElo "1770"]
[PlyCount "93"]
[EventDate "2023.01.23"]
[EventRounds "10"]
[EventCountry "BRA"]

1. e4 Nc6 2. d4 d5 3. e5 Bf5 4. Nf3 e6 5. Bd3 Nge7 6. Bxf5 Nxf5 7. c3 Be7 8.
O-O Qd7 9. b4 g6 10. a4 O-O 11. g4 Ng7 12. Bh6 f5 13. exf6 Bxf6 14. Nbd2 a6 15.
Re1 Rae8 16. g5 Be7 17. Nf1 Bd6 18. Ne3 Rf4 19. Ng2 Rf7 20. Bxg7 Kxg7 21. Ra2
Ref8 22. Re3 Nd8 23. Ne5 Bxe5 24. Rxe5 Rf5 25. Qe1 Re8 26. f4 Nf7 27. Re3 Nd6
28. Qh4 Kg8 29. Rf3 Rf7 30. a5 Nf5 31. Qf2 Qc6 32. Re2 b6 33. axb6 cxb6 34. Qe1
a5 35. bxa5 bxa5 36. Qa1 a4 37. Ne1 Qc4 38. Ra2 Ra7 39. Nd3 Rb8 40. Ne5 Qb5 41.
Rff2 Qb1+ 42. Rf1 Qxa1 43. Rfxa1 Rb3 44. Ra3 Rc7 45. Rxa4 Rbxc3 46. Ra8+ Kg7
47. R8a4 1/2-1/2

[Event "IX Floripa Chess Open Fort Atacadista"]
[Site "Florianópolis - Santa Catari"]
[Date "2023.01.24"]
[Round "2.76"]
[White "Da Silva, Daniel Pereira"]
[Black "Araujo Filho, Luiz Antonio Coel"]
[Result "1-0"]
[WhiteElo "1775"]
[BlackElo "2089"]
[PlyCount "135"]
[EventDate "2023.01.23"]
[EventRounds "10"]
[EventCountry "BRA"]

1. d4 f5 2. c4 Nf6 3. Nf3 g6 4. g3 Bg7 5. Bg2 O-O 6. O-O d6 7. Nc3 Nc6 8. b3 e5
9. d5 Ne7 10. Bb2 h6 11. e3 a6 12. Qc2 Qe8 13. Rfd1 g5 14. Ne2 Qh5 15. c5 Nexd5
16. cxd6 cxd6 17. Ne1 Be6 18. Rd2 Rac8 19. Qd1 Qf7 20. Nc2 Rfd8 21. Na3 b5 22.
Rc1 Bf8 23. Nb1 b4 24. Rdc2 a5 25. Nd2 Nb6 26. Rc6 Qa7 27. Bxe5 Rxc6 28. Rxc6
dxe5 29. Rxe6 Qd7 30. Rxb6 Ng4 31. h3 Qxd2 32. Qxd2 Rxd2 33. Bf1 Rxa2 34. hxg4
fxg4 35. Ra6 Kg7 36. Nc1 Ra1 37. Nd3 Rb1 38. Nxe5 Rxb3 39. Rg6+ Kh8 40. Bc4
Rb1+ 41. Kg2 Bg7 42. Nf7+ Kg8 43. Ra6 Rc1 44. Ra8+ Bf8 45. Ne5+ Kg7 46. Rxa5
Bd6 47. Bd3 b3 48. Rb5 b2 49. Rb7+ Kf8 50. Ng6+ Kg8 51. Rxb2 Rc3 52. Bf5 h5 53.
Rb7 Rc7 54. Rxc7 Bxc7 55. Ne7+ Kg7 56. Nd5 Be5 57. Nb4 Kf6 58. e4 Bd6 59. Nd3
Bc7 60. Bc8 Bb6 61. e5+ Kg6 62. Nb4 Bc5 63. Nd5 Kg7 64. e6 h4 65. e7 Kf7 66.
Bxg4 Bxe7 67. Nxe7 Kxe7 68. gxh4 1-0

[Event "IX Floripa Chess Open Fort Atacadista"]
[Site "Florianópolis - Santa Catari"]
[Date "2023.01.24"]
[Round "2.77"]
[White "Dias, Anderson Tatsch"]
[Black "Gadea, Fernando"]
[Result "1-0"]
[WhiteElo "2087"]
[BlackElo "1768"]
[PlyCount "81"]
[EventDate "2023.01.23"]
[EventRounds "10"]
[EventCountry "BRA"]

1. d4 Nf6 2. c4 e6 3. g3 Bb4+ 4. Bd2 Bxd2+ 5. Nxd2 d5 6. Ngf3 O-O 7. Qc2 b6 8.
Bg2 Bb7 9. cxd5 exd5 10. O-O Re8 11. e3 Na6 12. Rac1 c5 13. dxc5 Nxc5 14. Rfd1
Rc8 15. Bh3 Rc7 16. Nd4 Qb8 17. N2f3 g6 18. b4 Ne6 19. Qb2 Ne4 20. Nxe6 fxe6
21. Qe5 Rce7 22. Qxb8 Rxb8 23. Nd4 Ng5 24. Bg2 Nf7 25. Nc6 Bxc6 26. Rxc6 Ne5
27. Rc3 Kg7 28. e4 dxe4 29. Bxe4 Rf8 30. Re1 Ng4 31. f4 e5 32. Bf3 Nf6 33. Rxe5
Rd7 34. Rce3 Rff7 35. b5 Rd2 36. Re2 Rdd7 37. Kg2 Rc7 38. Bc6 a6 39. Re6 Ng4
40. bxa6 Nh6 41. Bb7 1-0

[Event "IX Floripa Chess Open Fort Atacadista"]
[Site "Florianópolis - Santa Catari"]
[Date "2023.01.24"]
[Round "2.78"]
[White "Machado, Luiz Fernando"]
[Black "Ferreira, Thales Bond Dias"]
[Result "1/2-1/2"]
[WhiteElo "1768"]
[BlackElo "2085"]
[PlyCount "67"]
[EventDate "2023.01.23"]
[EventRounds "10"]
[EventCountry "BRA"]

1. e4 c6 2. d4 d5 3. exd5 cxd5 4. Bd3 Nc6 5. c3 Qc7 6. Ne2 Bg4 7. f3 Bd7 8. Bf4
e5 9. dxe5 Nxe5 10. O-O Bd6 11. Re1 Ne7 12. Bg3 O-O 13. Nd4 a6 14. Bc2 Rae8 15.
Nd2 g6 16. Nf1 N7c6 17. Ne3 Be6 18. Bb3 Nxd4 19. Qxd4 Nc6 20. Bxd6 Qxd6 21. Qf6
Qd8 22. Qf4 Qb6 23. Kh1 d4 24. cxd4 Qxd4 25. Qxd4 Nxd4 26. Bxe6 Rxe6 27. Rad1
Rfe8 28. Rxd4 Rxe3 29. Rxe3 Rxe3 30. h3 Re2 31. Rb4 b5 32. a4 bxa4 33. Rxa4
Rxb2 34. Rxa6 1/2-1/2

[Event "IX Floripa Chess Open Fort Atacadista"]
[Site "Florianópolis - Santa Catari"]
[Date "2023.01.24"]
[Round "2.79"]
[White "Perez, Hernan"]
[Black "Bisesar, Maycon Da Costa"]
[Result "1-0"]
[WhiteElo "2081"]
[BlackElo "1760"]
[PlyCount "87"]
[EventDate "2023.01.23"]
[EventRounds "10"]
[EventCountry "BRA"]

1. Nf3 Nf6 2. d4 d6 3. Bg5 g6 4. Nbd2 Bg7 5. e4 O-O 6. Bd3 Nc6 7. c3 e5 8. h3
h6 9. Be3 Ne8 10. g4 d5 11. dxe5 Bxe5 12. Bxh6 Bg7 13. Bg5 Bf6 14. Be3 Be6 15.
O-O Nd6 16. exd5 Bxd5 17. Re1 Re8 18. Qc2 Ne5 19. Be2 Nxf3+ 20. Nxf3 Bh4 21.
Bd4 Bf6 22. Qd2 Bxf3 23. Bxf3 Bxd4 24. Qxd4 Qh4 25. Kg2 Qd8 26. c4 Rxe1 27.
Rxe1 Qf8 28. c5 Nb5 29. Qe5 Rd8 30. Bxb7 Nd4 31. Qxc7 Ne6 32. Rxe6 fxe6 33. Qe5
Rd7 34. Qxe6+ Qf7 35. Qxf7+ Kxf7 36. c6 Rc7 37. Kf3 Ke6 38. Kf4 Kf6 39. h4 Re7
40. b4 Ke6 41. Kg5 Kf7 42. f4 Rc7 43. b5 Kg7 44. a4 1-0

[Event "IX Floripa Chess Open Fort Atacadista"]
[Site "Florianópolis - Santa Catari"]
[Date "2023.01.24"]
[Round "2.80"]
[White "Fischer Junior, Donaldo"]
[Black "Silva, Caio Henrique Angel"]
[Result "0-1"]
[WhiteElo "1763"]
[BlackElo "2081"]
[PlyCount "88"]
[EventDate "2023.01.23"]
[EventRounds "10"]
[EventCountry "BRA"]

1. e4 c6 2. d4 d5 3. Nc3 dxe4 4. Nxe4 Nf6 5. Nxf6+ exf6 6. Bc4 Bd6 7. Qe2+ Be7
8. c3 O-O 9. Nf3 Re8 10. Be3 Nd7 11. Bb3 a5 12. Qc4 Rf8 13. a4 Nb6 14. Qd3 Re8
15. Bc2 g6 16. Nh4 f5 17. Nf3 f4 18. Bxf4 Bg5+ 19. Be3 Bf5 20. Qe2 Nd5 21. Nxg5
Nxe3 22. fxe3 Qxg5 23. O-O Rxe3 24. Qd2 Bxc2 25. Qxc2 Rae8 26. Qd2 Qg4 27. Qf2
f5 28. Qf4 Qxf4 29. Rxf4 Re1+ 30. Rxe1 Rxe1+ 31. Rf1 Re2 32. Rf2 Re4 33. Kf1
Kf7 34. Re2 Rf4+ 35. Ke1 c5 36. dxc5 Rxa4 37. Kd2 Rc4 38. Re5 Kf6 39. Rd5 Ke6
40. Rd6+ Ke5 41. Rb6 Rxc5 42. Rxb7 h5 43. Ke3 g5 44. g3 a4 0-1

[Event "IX Floripa Chess Open Fort Atacadista"]
[Site "Florianópolis - Santa Catari"]
[Date "2023.01.24"]
[Round "2.81"]
[White "Lima, Kleyton Alcantara"]
[Black "Mesquita, Arnaldo Leite"]
[Result "1-0"]
[WhiteElo "2080"]
[BlackElo "1760"]
[PlyCount "73"]
[EventDate "2023.01.23"]
[EventRounds "10"]
[EventCountry "BRA"]

1. e4 Nf6 2. e5 Nd5 3. d4 d6 4. Nf3 Bg4 5. Be2 Nc6 6. O-O e6 7. c4 Nb6 8. exd6
cxd6 9. d5 exd5 10. cxd5 Bxf3 11. Bxf3 Ne5 12. Be2 Be7 13. a4 O-O 14. a5 Nbd7
15. Nc3 a6 16. Be3 Rc8 17. Qb3 Nc5 18. Bxc5 dxc5 19. Qxb7 Rb8 20. Qxa6 Rxb2 21.
Rfd1 Bf6 22. Ne4 Nd7 23. Nxf6+ Nxf6 24. Bf3 Nd7 25. Qd6 c4 26. Rdc1 c3 27. Qa3
Qh4 28. Qxc3 Qxf2+ 29. Kh1 Re8 30. Rf1 Qc2 31. Qxc2 Rxc2 32. Bd1 Rd2 33. Ba4
Ree2 34. Rg1 Rxd5 35. a6 Nb6 36. Rab1 Nc8 37. a7 1-0

[Event "IX Floripa Chess Open Fort Atacadista"]
[Site "Florianópolis - Santa Catari"]
[Date "2023.01.24"]
[Round "2.82"]
[White "Miranda Fernandez, Marcos Manuel"]
[Black "Madeira, Wagner Martins"]
[Result "1-0"]
[WhiteElo "1759"]
[BlackElo "2080"]
[PlyCount "77"]
[EventDate "2023.01.23"]
[EventRounds "10"]
[EventCountry "BRA"]

1. e4 e5 2. Nf3 Nc6 3. Bc4 Nf6 4. d3 Be7 5. c3 O-O 6. O-O d6 7. Re1 Na5 8. Bb5
a6 9. Ba4 b5 10. Bc2 c5 11. Nbd2 Qc7 12. Nf1 Nc6 13. Qe2 Re8 14. Ng3 Bd7 15.
Bg5 h6 16. Bd2 Bf8 17. h3 d5 18. Nh4 dxe4 19. dxe4 g6 20. Qf3 Nh7 21. Rad1 Be7
22. Nhf5 gxf5 23. exf5 Bg5 24. Bxg5 hxg5 25. f6 e4 26. Rxe4 Ne5 27. Rxe5 Qxe5
28. Bxh7+ Kf8 29. Rxd7 Rad8 30. Rxd8 Rxd8 31. Bc2 Qf4 32. Qxf4 gxf4 33. Ne4 c4
34. f3 Ke8 35. Kf2 a5 36. b3 cxb3 37. axb3 Kd7 38. c4 bxc4 39. bxc4 1-0

[Event "IX Floripa Chess Open Fort Atacadista"]
[Site "Florianópolis - Santa Catari"]
[Date "2023.01.24"]
[Round "2.83"]
[White "Medeiros Jr, Francisco De Assis"]
[Black "Mariot Vaz, Joao Antonio Bertol"]
[Result "1-0"]
[WhiteElo "2071"]
[BlackElo "1756"]
[PlyCount "51"]
[EventDate "2023.01.23"]
[EventRounds "10"]
[EventCountry "BRA"]

1. Nf3 Nf6 2. g3 g6 3. Bg2 Bg7 4. O-O O-O 5. d4 d6 6. c4 Nbd7 7. Nc3 c5 8. e4
cxd4 9. Nxd4 Nc5 10. h3 a6 11. Be3 Bd7 12. Rc1 Rb8 13. b4 Ne6 14. Nb3 b5 15. c5
dxc5 16. Nxc5 Nxc5 17. Bxc5 Re8 18. f4 Be6 19. Qf3 Nd7 20. Rfd1 Qc7 21. Bf2
Rbc8 22. e5 Bc4 23. Qb7 Nf8 24. Qxa6 Rb8 25. Nd5 Qb7 26. Nf6+ 1-0

[Event "IX Floripa Chess Open Fort Atacadista"]
[Site "Florianópolis - Santa Catari"]
[Date "2023.01.24"]
[Round "2.84"]
[White "Mendonca, Erico"]
[Black "Cantero, Rodolfo"]
[Result "0-1"]
[WhiteElo "1756"]
[BlackElo "2070"]
[PlyCount "64"]
[EventDate "2023.01.23"]
[EventRounds "10"]
[EventCountry "BRA"]

1. e4 e5 2. Nf3 Nc6 3. Bc4 Nf6 4. d3 Be7 5. O-O O-O 6. Nbd2 d6 7. c3 Na5 8. Bb5
a6 9. Ba4 c5 10. Bc2 Be6 11. Re1 h6 12. Nf1 Nc6 13. Ng3 Re8 14. Nh4 Nxe4 15.
Rxe4 Bxh4 16. Qf3 Bd5 17. Qg4 Bxg3 18. hxg3 Bxe4 19. Qxe4 d5 20. Qg4 Qc8 21.
Qh5 Qd7 22. Bd2 d4 23. Re1 Re6 24. Bb3 Rf6 25. g4 dxc3 26. Bxc3 Qxd3 27. Qh3
Qxh3 28. gxh3 Nd4 29. Kg2 Nxb3 30. axb3 Re8 31. f3 Rb6 32. Bxe5 Rbe6 0-1

[Event "IX Floripa Chess Open Fort Atacadista"]
[Site "Florianópolis - Santa Catari"]
[Date "2023.01.24"]
[Round "2.85"]
[White "Silvestre, Gilmar Severino"]
[Black "Mazetto, Sergio Luiz"]
[Result "0-1"]
[WhiteElo "1749"]
[BlackElo "2065"]
[PlyCount "152"]
[EventDate "2023.01.23"]
[EventRounds "10"]
[EventCountry "BRA"]

1. d4 d5 2. c4 Bf5 3. Nc3 e6 4. Nf3 Nf6 5. Bg5 c6 6. e3 Nbd7 7. Bd3 dxc4 8.
Bxc4 Qa5 9. O-O Bd6 10. Qe2 Ne4 11. Nxe4 Bxe4 12. Bh4 Qh5 13. Bg3 Bxf3 14. Qxf3
Qxf3 15. gxf3 Ke7 16. e4 Rhd8 17. Rfd1 Bxg3 18. fxg3 Nb6 19. Bb3 a5 20. a4 Rd7
21. Kf2 Rad8 22. Ke3 c5 23. dxc5 Nc4+ 24. Ke2 Rd2+ 25. Ke1 Ne5 26. Rxd2 Nxf3+
27. Ke2 Rxd2+ 28. Kxf3 Rd3+ 29. Kf4 Rxb3 30. Rc1 Rxb2 31. c6 bxc6 32. Rxc6 Rb4
33. Rc7+ Kf6 34. h4 h5 35. Rc5 Rxa4 36. Rxh5 Ra1 37. Rb5 g6 38. e5+ Kg7 39. g4
a4 40. Kg5 Re1 41. Kf4 a3 42. Ra5 Ra1 43. Kf3 Kf8 44. Ra7 Kg7 45. Kg2 a2 46.
Ra8 Re1 47. Rxa2 Rxe5 48. Kf3 Rb5 49. Ra4 f5 50. gxf5 gxf5 51. Kf4 Kf6 52. Ra8
Rb4+ 53. Kg3 Rb3+ 54. Kg2 f4 55. Rf8+ Ke5 56. h5 Rg3+ 57. Kh2 Rg5 58. Rh8 Ke4
59. h6 Kf3 60. h7 Rh5+ 61. Kg1 e5 62. Re8 Rxh7 63. Rxe5 Ra7 64. Rb5 Ra2 65. Rh5
Ra1+ 66. Kh2 Ke2 67. Re5+ Kf2 68. Rb5 Ra2 69. Rb1 f3 70. Kh1 Ke2 71. Kg1 Rd2
72. Rf1 Rd8 73. Rf2+ Ke3 74. Ra2 Rd1+ 75. Kh2 f2 76. Ra3+ Kd4 0-1

[Event "IX Floripa Chess Open Fort Atacadista"]
[Site "Florianópolis - Santa Catari"]
[Date "2023.01.24"]
[Round "2.86"]
[White "Soares, Joao Carlos T. C."]
[Black "Sarda, Pedro Sada"]
[Result "1-0"]
[WhiteElo "2062"]
[BlackElo "1755"]
[PlyCount "91"]
[EventDate "2023.01.23"]
[EventRounds "10"]
[EventCountry "BRA"]

1. e4 c5 2. Nf3 e6 3. d4 cxd4 4. Nxd4 Nc6 5. Nc3 a6 6. Be3 Qc7 7. a3 Nf6 8. Be2
Be7 9. O-O O-O 10. f4 d6 11. Qe1 Bd7 12. Qg3 Rfd8 13. Kh1 Be8 14. Rae1 Rab8 15.
Bd3 d5 16. e5 Nh5 17. Qh3 g6 18. Nd1 Nxd4 19. Bxd4 Ba4 20. Ne3 Bb5 21. Bxb5
axb5 22. g4 Ng7 23. f5 Bf8 24. f6 Ne8 25. g5 Ra8 26. c3 Rdc8 27. Rf4 Ra4 28.
Rh4 h5 29. gxh6 Kh7 30. Rg1 Bc5 31. Qg3 Bxd4 32. cxd4 Nxf6 33. exf6 Qb6 34. Rg4
Rg8 35. Qe5 b4 36. Nc2 bxa3 37. bxa3 Rc4 38. Ne1 Rc3 39. R4g3 Rc1 40. Nf3 Rxg1+
41. Rxg1 Qb3 42. Ng5+ Kxh6 43. Nxf7+ Kh7 44. Ng5+ Kh6 45. Qf4 Kh5 46. Qg4+ 1-0

[Event "IX Floripa Chess Open Fort Atacadista"]
[Site "Florianópolis - Santa Catari"]
[Date "2023.01.24"]
[Round "2.87"]
[White "Reinaldo Dos Santos, Julio"]
[Black "Martins, Anderson Donay"]
[Result "1/2-1/2"]
[WhiteElo "1749"]
[BlackElo "2058"]
[PlyCount "84"]
[EventDate "2023.01.23"]
[EventRounds "10"]
[EventCountry "BRA"]

1. d4 Nf6 2. c4 e6 3. Nf3 b6 4. a3 Bb7 5. Nc3 d5 6. g3 Be7 7. Bg2 dxc4 8. O-O
Nbd7 9. Qa4 O-O 10. Qxc4 c5 11. dxc5 Rc8 12. b4 bxc5 13. b5 Nb6 14. Qb3 Nbd5
15. Rd1 c4 16. Qb2 Qb6 17. Nxd5 Nxd5 18. Nd4 Bf6 19. e3 Rfd8 20. a4 e5 21. Nc6
Bxc6 22. bxc6 Qxc6 23. Qb5 Qxb5 24. axb5 Nc3 25. Rxd8+ Rxd8 26. Ba3 Nxb5 27.
Bc5 h6 28. Be4 Nc3 29. Bb7 Rb8 30. Rxa7 Nb5 31. Ra8 Rxa8 32. Bxa8 e4 33. Bxe4
Bb2 34. Kf1 c3 35. Ke2 Na3 36. Bxa3 Bxa3 37. Bc2 g5 38. Kd3 Bb4 39. Kc4 Ba5 40.
Kd5 Kg7 41. Ke5 Bb4 42. Kf5 Ba3 1/2-1/2

[Event "IX Floripa Chess Open Fort Atacadista"]
[Site "Florianópolis - Santa Catari"]
[Date "2023.01.24"]
[Round "2.88"]
[White "Guerrero, Alvaro"]
[Black "Melo, Igor De Souza"]
[Result "1/2-1/2"]
[WhiteElo "2058"]
[BlackElo "1749"]
[PlyCount "24"]
[EventDate "2023.01.23"]
[EventRounds "10"]
[EventCountry "BRA"]

1. e4 c5 2. d3 Nc6 3. Nf3 g6 4. g3 Bg7 5. Bg2 e6 6. O-O d5 7. Nbd2 Nf6 8. Re1
O-O 9. Qe2 a5 10. a4 b6 11. Rf1 Ba6 12. Ne1 Rc8 1/2-1/2

[Event "IX Floripa Chess Open Fort Atacadista"]
[Site "Florianópolis - Santa Catari"]
[Date "2023.01.24"]
[Round "2.89"]
[White "De Oliveira, Jairo Quintiliano"]
[Black "Lage, Pedro Ferreira"]
[Result "1-0"]
[WhiteElo "1745"]
[BlackElo "2055"]
[PlyCount "29"]
[EventDate "2023.01.23"]
[EventRounds "10"]
[EventCountry "BRA"]

1. e4 e6 2. d4 d5 3. Nc3 Bb4 4. e5 c5 5. a3 Bxc3+ 6. bxc3 Ne7 7. Qg4 O-O 8. Bd3
Nbc6 9. Bg5 c4 10. Bf6 g6 11. Qf4 cxd3 12. g4 Nxd4 13. cxd4 d2+ 14. Kf1 Qb6 15.
Qh6 1-0

[Event "IX Floripa Chess Open Fort Atacadista"]
[Site "Florianópolis - Santa Catari"]
[Date "2023.01.24"]
[Round "2.90"]
[White "Camara, Terbio Jose"]
[Black "De Paula, Luan Araujo"]
[Result "1/2-1/2"]
[WhiteElo "2055"]
[BlackElo "1747"]
[PlyCount "48"]
[EventDate "2023.01.23"]
[EventRounds "10"]
[EventCountry "BRA"]

1. e4 c6 2. d4 d5 3. Nc3 dxe4 4. Nxe4 Nf6 5. Ng5 h6 6. N5f3 Bf5 7. Bd3 Bxd3 8.
Qxd3 e6 9. Ne5 Nbd7 10. Ngf3 Nxe5 11. Nxe5 Nd7 12. Bf4 Nxe5 13. Bxe5 Qa5+ 14.
c3 O-O-O 15. Qc4 Qd5 16. Qxd5 exd5 17. O-O-O f6 18. Bg3 Bd6 19. Bxd6 Rxd6 20.
Rhe1 Kd7 21. Rd3 Re8 22. Rxe8 Kxe8 23. Re3+ Kf7 24. Kd2 Re6 1/2-1/2

[Event "IX Floripa Chess Open Fort Atacadista"]
[Site "Florianópolis - Santa Catari"]
[Date "2023.01.24"]
[Round "2.91"]
[White "Cabral, Vinicius Albuquerqu"]
[Black "Peroza, Eduardo Antunes"]
[Result "1/2-1/2"]
[WhiteElo "1744"]
[BlackElo "2053"]
[PlyCount "64"]
[EventDate "2023.01.23"]
[EventRounds "10"]
[EventCountry "BRA"]

1. e4 c5 2. Nf3 e6 3. c3 d5 4. exd5 Qxd5 5. Na3 Nf6 6. Bb5+ Nc6 7. O-O a6 8.
Bxc6+ Qxc6 9. Nc2 b5 10. d4 Bb7 11. Bf4 Rd8 12. Qe2 Qe4 13. Be3 c4 14. a4 Bd6
15. Nce1 O-O 16. Nd2 Qc6 17. axb5 axb5 18. Bg5 Be7 19. f3 h6 20. Bh4 g5 21. Bg3
Nh5 22. Nc2 Ra8 23. Qe3 Nxg3 24. hxg3 f5 25. Rxa8 Rxa8 26. Re1 Kf7 27. Qe2 Ra2
28. Ne3 Rxb2 29. Nxf5 Rxd2 30. Nxh6+ Kg7 31. Nf5+ Kf7 32. Nh6+ Kg7 1/2-1/2

[Event "IX Floripa Chess Open Fort Atacadista"]
[Site "Florianópolis - Santa Catari"]
[Date "2023.01.24"]
[Round "2.92"]
[White "Tomiello, Mateus Costamilan"]
[Black "Arndt, Claudio Felipe"]
[Result "1-0"]
[WhiteElo "2051"]
[BlackElo "1744"]
[PlyCount "75"]
[EventDate "2023.01.23"]
[EventRounds "10"]
[EventCountry "BRA"]

1. e4 c6 2. d4 d5 3. Nc3 dxe4 4. Nxe4 Bf5 5. Ng3 Bg6 6. h4 h6 7. Nf3 Nd7 8. h5
Bh7 9. Bd3 Bxd3 10. Qxd3 Ngf6 11. Bd2 e6 12. O-O-O Be7 13. Kb1 Qc7 14. Rhe1
O-O-O 15. Qe2 Rhe8 16. Ne5 Nxe5 17. dxe5 Nd5 18. f4 Kb8 19. Ne4 c5 20. c4 Nb6
21. b3 Nc8 22. Bc3 Qc6 23. g4 Rxd1+ 24. Rxd1 Rd8 25. Rxd8 Bxd8 26. Qd3 Be7 27.
f5 Kc7 28. Kc2 Bf8 29. f6 b6 30. Bd2 Qd7 31. g5 Qc6 32. gxh6 gxh6 33. Nc3 a6
34. Qe4 Qd7 35. Be3 Na7 36. Qa8 Nc6 37. Qxf8 Nb4+ 38. Kb2 1-0

[Event "IX Floripa Chess Open Fort Atacadista"]
[Site "Florianópolis - Santa Catari"]
[Date "2023.01.24"]
[Round "2.93"]
[White "Predebon, Eduardo Angonesi"]
[Black "Oliveira, Tiago Batista"]
[Result "0-1"]
[WhiteElo "1740"]
[BlackElo "2047"]
[PlyCount "30"]
[EventDate "2023.01.23"]
[EventRounds "10"]
[EventCountry "BRA"]

1. e4 c5 2. Nf3 Nc6 3. d4 cxd4 4. Nxd4 Nf6 5. Nc3 d6 6. Be3 Ng4 7. Nxc6 bxc6 8.
Bc1 Qb6 9. Qf3 g6 10. Bc4 Ne5 11. Qe2 Nxc4 12. Qxc4 Bg7 13. O-O Be6 14. Na4
Bxc4 15. Nxb6 axb6 0-1

[Event "IX Floripa Chess Open Fort Atacadista"]
[Site "Florianópolis - Santa Catari"]
[Date "2023.01.24"]
[Round "2.94"]
[White "Almeida Junior, Alvaro Alves De"]
[Black "Hirano, Enzo Erich Kreutz"]
[Result "1/2-1/2"]
[WhiteElo "2045"]
[BlackElo "1741"]
[PlyCount "95"]
[EventDate "2023.01.23"]
[EventRounds "10"]
[EventCountry "BRA"]

1. d4 Nf6 2. c4 e6 3. Nc3 Bb4 4. f3 d5 5. a3 Bxc3+ 6. bxc3 O-O 7. e3 c5 8. cxd5
exd5 9. Bd3 Re8 10. Ne2 Nc6 11. O-O c4 12. Bc2 b5 13. Ng3 a5 14. e4 Rb8 15. Bg5
h6 16. Bf4 Rb6 17. e5 Nh7 18. Qd2 Ne7 19. Be3 f5 20. f4 g6 21. Ne2 h5 22. h3
Bd7 23. Bf2 Nc6 24. g4 hxg4 25. hxg4 Be6 26. Ng3 Ne7 27. gxf5 Nxf5 28. Nxf5
Bxf5 29. Bxf5 gxf5 30. Bg3 Kf7 31. Qh2 Rh8 32. Qh5+ Rg6 33. Qxf5+ Nf6 34. Qxg6+
Kxg6 35. f5+ Kf7 36. exf6 Qxf6 37. Rae1 Qg5 38. Rf3 Re8 39. Re5 Qc1+ 40. Kg2
Qxa3 41. Rxd5 Qb2+ 42. Kh3 a4 43. f6 a3 44. Rd7+ Ke6 45. Rd6+ Kf7 46. Rd7+ Ke6
47. Rd6+ Kf7 48. Rd7+ 1/2-1/2

[Event "IX Floripa Chess Open Fort Atacadista"]
[Site "Florianópolis - Santa Catari"]
[Date "2023.01.24"]
[Round "2.95"]
[White "Parijos De Melo, Luiz Claudio"]
[Black "Souza Dos Santos, Matheus Garcett"]
[Result "0-1"]
[WhiteElo "1737"]
[BlackElo "2041"]
[PlyCount "114"]
[EventDate "2023.01.23"]
[EventRounds "10"]
[EventCountry "BRA"]

1. e4 e5 2. Nf3 Nc6 3. Bb5 a6 4. Ba4 Nf6 5. O-O Be7 6. Re1 b5 7. Bb3 d6 8. c3
O-O 9. h3 Na5 10. Bc2 c5 11. d4 Qc7 12. Nbd2 cxd4 13. cxd4 Nc6 14. d5 Nb4 15.
Bb1 a5 16. a3 Na6 17. Nf1 a4 18. Bd3 Qb8 19. Qe2 Bd7 20. Ng3 Nc5 21. Bd2 Nb3
22. Rab1 Bd8 23. Bg5 h6 24. Be3 Ba5 25. Red1 b4 26. Nh4 Bb6 27. Nhf5 Bxe3 28.
Ne7+ Kh7 29. Qxe3 Nd4 30. Rdc1 g6 31. Ne2 Nb3 32. Nc6 Bxc6 33. Rxc6 Nd7 34. f4
exf4 35. Nxf4 Ne5 36. Rc2 Nc5 37. Rcc1 g5 38. Rxc5 gxf4 39. Qxf4 dxc5 40. Qf5+
Kg7 41. Bc2 b3 42. Bd1 Ra6 43. Be2 Rf6 44. Qh5 Ng6 45. Rc1 Qf4 46. Rc3 Qxe4 47.
Bf3 Qe1+ 48. Kh2 Qe5+ 49. Qxe5 Nxe5 50. Be2 Rf2 51. Re3 f6 52. Kg3 Rf5 53. Bb5
Rd8 54. Kh2 Rxd5 55. Bxa4 c4 56. Be8 Kf8 57. g4 Rf3 0-1

[Event "IX Floripa Chess Open Fort Atacadista"]
[Site "Florianópolis - Santa Catari"]
[Date "2023.01.24"]
[Round "2.96"]
[White "Araujo, Renan Aparecido"]
[Black "Pereira, Marcelo Do Carmo"]
[Result "0-1"]
[WhiteElo "2041"]
[BlackElo "1733"]
[PlyCount "68"]
[EventDate "2023.01.23"]
[EventRounds "10"]
[EventCountry "BRA"]

1. e4 c5 2. Nf3 Nc6 3. Bb5 d6 4. Bxc6+ bxc6 5. O-O Nf6 6. Re1 e5 7. c3 Bg4 8.
h3 Bh5 9. d3 Be7 10. Nbd2 O-O 11. Nf1 Qc7 12. Ng3 Bg6 13. Nh2 Rfe8 14. Qf3 Rab8
15. Ng4 a5 16. h4 h6 17. Nxf6+ Bxf6 18. h5 Bh7 19. Bxh6 Rxb2 20. Bc1 Rb7 21. h6
Bg6 22. Nf5 Bxf5 23. exf5 d5 24. Qg4 e4 25. Bf4 Qd7 26. hxg7 Bxc3 27. Qh4 f6
28. Qh8+ Kf7 29. dxe4 Bxa1 30. Qh5+ Kg8 31. Qh8+ Kf7 32. Rxa1 d4 33. Qh5+ Kg8
34. Rd1 c4 0-1

[Event "IX Floripa Chess Open Fort Atacadista"]
[Site "Florianópolis - Santa Catari"]
[Date "2023.01.24"]
[Round "2.97"]
[White "Cordioli, Jairo Ribeiro"]
[Black "Sekula, Markley Ribas"]
[Result "0-1"]
[WhiteElo "1735"]
[BlackElo "2040"]
[PlyCount "90"]
[EventDate "2023.01.23"]
[EventRounds "10"]
[EventCountry "BRA"]

1. d4 Nf6 2. c4 Nc6 3. Nf3 e6 4. d5 exd5 5. cxd5 Bb4+ 6. Nc3 Ne7 7. e4 Nxe4 8.
Qd4 Bxc3+ 9. bxc3 Nf6 10. c4 d6 11. Bd3 O-O 12. O-O Ng6 13. Bg5 h6 14. Bxf6
Qxf6 15. Qxf6 gxf6 16. Bxg6 fxg6 17. Nd4 Bd7 18. Rab1 b6 19. Nb5 Bxb5 20. cxb5
a6 21. a4 axb5 22. axb5 Rfe8 23. Rfe1 Kf7 24. Kf1 f5 25. Rbc1 Ra7 26. f4 Rxe1+
27. Kxe1 Kf6 28. Kf2 g5 29. g3 Ke7 30. Re1+ Kd7 31. h4 gxf4 32. gxf4 Ra5 33.
Re6 Rxb5 34. Rxh6 Rxd5 35. Rg6 Rd3 36. Rg7+ Kc6 37. Kg2 Rd2+ 38. Kf3 Rd1 39.
Kg2 Re1 40. h5 b5 41. Rg3 b4 42. h6 Re8 43. h7 Rh8 44. Rh3 Kb5 45. Kf2 Kc4 0-1